Baby's counting book / (Record no. 111035)
[ view plain ]
| 000 -LEADER | |
|---|---|
| fixed length control field | 00403nam a2200145 a 4500 |
| 001 - CONTROL NUMBER | |
| control field | 2484 |
| 005 - DATE AND TIME OF LATEST TRANSACTION | |
| control field | 20140414131908.0 |
| 008 - FIXED-LENGTH DATA ELEMENTS--GENERAL INFORMATION | |
| fixed length control field | 050601s19uu xx 00 eng d |
| 050 ## - LIBRARY OF CONGRESS CALL NUMBER | |
| Classification number | ER |
| Item number | Ba11 |
| 245 ## - TITLE STATEMENT | |
| Title | Baby's counting book / |
| Statement of responsibility, etc | pictures by Shuichi Nakahara. |
| 260 ## - PUBLICATION, DISTRIBUTION, ETC. (IMPRINT) | |
| Place of publication, distribution, etc | Tokyo : |
| Name of publisher, distributor, etc | Frobel-kan, |
| Date of publication, distribution, etc | [n.d.] |
| 300 ## - PHYSICAL DESCRIPTION | |
| Extent | 1 v. p. : ill. ; cm. |
| 650 ## - SUBJECT ADDED ENTRY--TOPICAL TERM | |
| Topical term or geographic name as entry element | Numbers |
| General subdivision | Juvenile literature. |
| Withdrawn status | Lost status | Damaged status | Use restrictions | Home library | Current library | Shelving location | Date acquired | Source of acquisition | Total Checkouts | Full call number | Barcode | Date last seen | Price effective from | Koha item type |
|---|---|---|---|---|---|---|---|---|---|---|---|---|---|---|
| Munich Library | Munich Library | Easy Reading Section | 06/02/2005 | ER Ba11 | M1589 | 04/14/2014 | 04/14/2014 | Books |